Countries by Former Name - Statistics

General Stats
  • This quiz has been taken 45 times
  • The average score is 7 of 10
Answer Stats
Former
Name
Country % Correct
Persia Iran
100%
Burma Myanmar
93%
Mesopotamia Iraq
89%
Siam Thailand
89%
Southern Rhodesia Zimbabwe
86%
Gaul France
84%
Formosa Taiwan
59%
Cathay China
52%
Zaire Democratic Republic of Congo
52%
Sudanese Republic Mali
16%
No matching quizzes found
Score Distribution
Percent of People with Each Score
Percentile by Number Answered
Your Score History
You have not taken this quiz